000 00875cam a22002533 4500
001 20460
003 BD-RjUL
005 20211209000552.0
008 140301t1963 miua b s001 0 eng
035 _a(BD-RjUL)20522
040 _aDLC
_cDLC
_beng
_dBD-RjUL
041 _aeng
082 0 4 _a823.09
_bHON 1963
100 1 _aHollingsworth, Keith.
_963094
245 1 4 _aThe Newgate novel, 1830-1847 :
_bBulwer, Ainsworth, Dickens & Thackeray /
_cWith illus. by George Cruikshank, Hablot K. Browne, & W.M. Thackeray.
260 _aDetroit :
_bWayne State University Press,
_cc1963.
300 _a279 p. :
_billus. ;
_c24 cm.
504 _aIncludes bibliographical references and index.
650 0 _aEnglish fiction
_y19th century
_xHistory and criticism.
_956557
650 0 _aCrime in literature.
_963095
942 _2ddc
_cBK
999 _c20460
_d20460